<?xml version="1.0" encoding="UTF-8"?><?xml-stylesheet type="text/xsl" href="static/style.xsl"?><OAI-PMH xmlns="http://www.openarchives.org/OAI/2.0/" xmlns:xsi="http://www.w3.org/2001/XMLSchema-instance" xsi:schemaLocation="http://www.openarchives.org/OAI/2.0/ http://www.openarchives.org/OAI/2.0/OAI-PMH.xsd"><responseDate>2026-04-29T19:13:05Z</responseDate><request verb="GetRecord" identifier="oai:riubu.ubu.es:10259/5970" metadataPrefix="marc">https://riubu.ubu.es/oai/request</request><GetRecord><record><header><identifier>oai:riubu.ubu.es:10259/5970</identifier><datestamp>2025-09-11T08:14:27Z</datestamp><setSpec>com_10259_2699</setSpec><setSpec>col_10259_2701</setSpec></header><metadata><record xmlns="http://www.loc.gov/MARC21/slim" xmlns:doc="http://www.lyncode.com/xoai" xmlns:xsi="http://www.w3.org/2001/XMLSchema-instance" xmlns:dcterms="http://purl.org/dc/terms/" xsi:schemaLocation="http://www.loc.gov/MARC21/slim http://www.loc.gov/standards/marcxml/schema/MARC21slim.xsd">
<leader>00925njm 22002777a 4500</leader>
<datafield tag="042" ind1=" " ind2=" ">
<subfield code="a">dc</subfield>
</datafield>
<datafield tag="720" ind1=" " ind2=" ">
<subfield code="a">Niknam, S. Mehdi</subfield>
<subfield code="e">author</subfield>
</datafield>
<datafield tag="260" ind1=" " ind2=" ">
<subfield code="c">2021</subfield>
</datafield>
<datafield tag="520" ind1=" " ind2=" ">
<subfield code="a">El objetivo general de esta Tesis Doctoral es la valorización de los residuos de almazara en términos de extracción de aceite de orujo de oliva y recuperación de compuestos bioactivos mediante tecnologías limpias y emergentes, con posterior encapsulación de los biocompuestos recuperados en nanoemulsiones simples y dobles para su futuro uso en alimentación, cosmética y aplicaciones farmacéuticas. Los residuos sólidos se trataron mediante métodos de extracción convencionales y asistidos por ultrasonidos para la recuperación del aceite de orujo de oliva y de los compuestos fenólicos. Además, se realizaron experimentos de adsorción sólido-líquido sobre los extractos fenólicos obtenidos para concentrarlos, purificarlos y aislar selectivamente los compuestos bioactivos deseados. El agua residual (alpechín) se procesó mediante tecnologías de membrana para lograr la separación de los compuestos fenólicos. Finalmente, los extractos fenólicos se encapsularon en nanoemulsiones simples y dobles, con el fin de mejorar la estabilidad y biodisponibilidad de los compuestos fenólicos encapsulados.</subfield>
</datafield>
<datafield tag="520" ind1=" " ind2=" ">
<subfield code="a">The aim of this PhD Thesis is the valorization of olive mill wastes in terms of olive pomace oil extraction and bioactive compounds recovery using clean and emerging technologies, with subsequent encapsulation of the recovered biocompounds in single and double nanoemulsions for their future use in food, cosmetic and pharmaceutical applications. The solid residues were treated using conventional and ultrasound-assisted extraction methods for the recovery of olive pomace oil and phenolic compounds. Furthermore, solid-liquid adsorption experiments were performed on the phenolic extracts for their concentration and purification, and also to reach the selective isolation of the desired bioactive compounds. The oil mill wastewater was processed using membrane technologies to achieve the separation of phenolic compounds. Finally, phenolic extracts were encapsulated in single and double nanoemulsions in order to improve the stability and bioavailability of the encapsulated phenolic compounds.</subfield>
</datafield>
<datafield tag="024" ind2=" " ind1="8">
<subfield code="a">http://hdl.handle.net/10259/5970</subfield>
</datafield>
<datafield tag="024" ind2=" " ind1="8">
<subfield code="a">10.36443/10259/5970</subfield>
</datafield>
<datafield ind1=" " ind2=" " tag="653">
<subfield code="a">Residuos de almazara</subfield>
</datafield>
<datafield ind1=" " ind2=" " tag="653">
<subfield code="a">Recuperación de compuestos fenólicos</subfield>
</datafield>
<datafield ind1=" " ind2=" " tag="653">
<subfield code="a">Extracción asistida por ultrasonidos</subfield>
</datafield>
<datafield ind1=" " ind2=" " tag="653">
<subfield code="a">Procesos con membranas</subfield>
</datafield>
<datafield ind1=" " ind2=" " tag="653">
<subfield code="a">Nanoemulsiones</subfield>
</datafield>
<datafield ind1=" " ind2=" " tag="653">
<subfield code="a">Olive mil wastes</subfield>
</datafield>
<datafield ind1=" " ind2=" " tag="653">
<subfield code="a">Phenolic compounds recovery</subfield>
</datafield>
<datafield ind1=" " ind2=" " tag="653">
<subfield code="a">Ultrasound-assisted extraction</subfield>
</datafield>
<datafield ind1=" " ind2=" " tag="653">
<subfield code="a">Membrane processes</subfield>
</datafield>
<datafield ind1=" " ind2=" " tag="653">
<subfield code="a">Nanoemulsions</subfield>
</datafield>
<datafield tag="245" ind1="0" ind2="0">
<subfield code="a">Valorization of residues generated in the production of olive oil through clean technologies</subfield>
</datafield>
</record></metadata></record></GetRecord></OAI-PMH>